Biggest Moon by Planet - Statistics

General Stats
  • This quiz has been taken 331 times
  • The average score is 5 of 6
Answer Stats
Hint Answer % Correct
Earth Moon
100%
Saturn Titan
93%
Jupiter Ganymede
86%
Mars Phobos
83%
Neptune Triton
72%
Uranus Titania
56%
No matching quizzes found
Score Distribution
Percent of People with Each Score
Percentile by Number Answered
Your Score History
You have not taken this quiz